000 00529nam a2200205Ia 4500
003 OSt
005 20250424183344.0
008 210423s2008 xx 000 0 und d
020 _a8121910218
040 _cAL
041 _aeng
082 _a368 MISI
100 _aMISHRA (M N);MISHRA (S B)
_985920
245 _aInsurance: principles and practice
260 _aNew Delhi
_bS Chand & Company Ltd
_c2008
300 _avi,659
_bPB
365 _b265
_cINR
906 _aInsurance: ; practice. ; principles
942 _2ddc
_cBK
999 _c158425
_d158425